[Event "28. Schweinfurt Open"]
[Site "Schweinfurt"]
[Date "2018.06.02"]
[Round "4.3"]
[White "Krenz, Dieter"]
[Black "Schmid, Michael"]
[Result "0-1"]
[WhiteElo "1907"]
[BlackElo "2191"]
[PlyCount "136"]
[EventDate "2018.??.??"]
[WhiteTeam "SC Prichsenstadt"]
[BlackTeam "SC Bad Königshofen 1957"]

1. d4 d5 2. Nf3 c6 3. c3 Qb6 4. b3 Bf5 5. Bf4 Nf6 6. e3 Nbd7 7. Bd3 e6 8. O-O
Be7 9. Ne5 Bxd3 10. Qxd3 O-O 11. Nd2 Nxe5 12. Bxe5 c5 13. c4 Rfd8 14. Rfd1 Rac8
15. Rac1 Qa6 16. Qb1 Ng4 17. Bg3 cxd4 18. exd4 dxc4 19. Rxc4 Rxc4 20. Nxc4 Nf6
21. a4 Nd5 22. Qc2 Qc6 23. h3 a6 24. Qd3 Nb4 25. Qe2 Qd5 26. Bc7 Re8 27. Qe5
Bf6 28. Qxd5 Nxd5 29. Be5 Be7 30. Nd6 Bxd6 31. Bxd6 Rd8 32. Rc1 f6 33. Ba3 Kf7
34. g3 Ke8 35. Kf1 Kd7 36. Ke2 b5 37. Rc5 Rb8 38. axb5 axb5 39. Bc1 Ra8 40. Rc2
g5 41. Kf3 Ra1 42. Kg4 Rb1 43. Bb2 b4 44. h4 gxh4 45. Kxh4 Kd6 46. Kg4 Rd1 47.
Kh5 Rd3 48. Kh6 Rxb3 49. Kxh7 Rd3 50. Kg6 f5 51. Kg5 Nc3 52. Bxc3 Rxc3 53. Rd2
Kd5 54. Kf6 Rc6 55. f3 Rb6 56. g4 fxg4 57. fxg4 e5+ 58. Kf7 exd4 59. g5 b3 60.
g6 Rb7+ 61. Kf6 Kc4 62. Rd1 b2 63. g7 Rxg7 64. Kxg7 Kc3 65. Rh1 d3 66. Kf6 Kc2
67. Ke5 d2 68. Ke4 d1=Q 0-1

[Event "28. Schweinfurt Open"]
[Site "Schweinfurt"]
[Date "2018.06.02"]
[Round "4.4"]
[White "Maar, Samuel"]
[Black "Hofstetter, Hans-Joachim"]
[Result "1/2-1/2"]
[WhiteElo "1992"]
[BlackElo "2161"]
[PlyCount "81"]
[EventDate "2018.??.??"]
[WhiteTeam "Sfr. Bad Emstal/Wolfhagen"]
[BlackTeam "SK 1933 Bad Neustadt"]

1. e4 e5 2. Nf3 Nc6 3. Bc4 Nf6 4. d3 Be7 5. O-O O-O 6. c3 d5 7. exd5 Nxd5 8.
Bb3 Bf5 9. d4 e4 10. Ne5 Na5 11. Bc2 f6 12. Nf3 Qd7 13. Nfd2 Bg4 14. Qe1 f5 15.
f3 exf3 16. Nxf3 Bxf3 17. Rxf3 Bd6 18. Qh4 g6 19. Bh6 Rf7 20. Nd2 Re8 21. Raf1
b5 22. Bd3 c5 23. dxc5 Bxc5+ 24. Kh1 Ne3 25. Ne4 Rxe4 26. Bxe4 Nxf1 27. Rd3
fxe4 28. Rxd7 Rxd7 29. Qxe4 Bf8 30. Bxf8 Rd1 31. Qe6+ Kxf8 32. Kg1 Nc4 33. Qf6+
Kg8 34. Qe6+ Kf8 35. Qf6+ Ke8 36. Qh8+ Kf7 37. Qxh7+ Kf6 38. Qh4+ Kg7 39. Qe7+
Kh6 40. Qf8+ Kh7 41. Qf7+ 1/2-1/2

[Event "28. Schweinfurt Open"]
[Site "Schweinfurt"]
[Date "2018.06.02"]
[Round "4.5"]
[White "Amtmann, Florian"]
[Black "Milovanovic, Milos"]
[Result "0-1"]
[WhiteElo "2124"]
[BlackElo "1829"]
[PlyCount "128"]
[EventDate "2018.??.??"]
[WhiteTeam "Spvgg 1946 Stetten"]
[BlackTeam "SF Gottmadingen"]

1. e4 c5 2. d4 cxd4 3. c3 dxc3 4. Nxc3 a6 5. Bc4 e6 6. Nf3 Ne7 7. Bg5 f6 8. Be3
b5 9. Bb3 Nbc6 10. O-O Na5 11. Bc5 Nxb3 12. axb3 Bb7 13. Nh4 g6 14. b4 Nc6 15.
Bxf8 Rxf8 16. Qd6 Rf7 17. Rfd1 Rc8 18. Qd2 Ne5 19. f4 Qb6+ 20. Kh1 Ng4 21. Rf1
Qe3 22. Qc2 Rc4 23. Rae1 Qd4 24. Nf3 Qb6 25. h3 Nh6 26. Qd2 Kf8 27. f5 Kg7 28.
fxg6 hxg6 29. b3 Rc8 30. Qb2 Qc7 31. Rc1 Qg3 32. Ne2 Qb8 33. Qd4 e5 34. Qe3
Rxc1 35. Rxc1 Qd6 36. Rc5 Qb6 37. Qd3 d6 38. Rc1 Ng8 39. Rd1 Rd7 40. Kh2 Ne7
41. Nc3 Qc7 42. Kh1 Qd8 43. Nd5 Bxd5 44. exd5 Rc7 45. Qe3 Qb8 46. Qd2 Qb6 47.
Ra1 Nf5 48. g4 Ne7 49. Kg2 Qb7 50. Kg3 e4 51. Ng1 Nxd5 52. Rd1 Rc3+ 53. Kh2 Rd3
54. Qe1 Rxd1 55. Qxd1 Qc6 56. g5 fxg5 57. Qd4+ Nf6 58. Qa7+ Kh6 59. Qf7 Qc2+
60. Kh1 Nh7 61. Qd5 Qd3 62. Qxd3 exd3 63. Nf3 Nf6 64. Kg2 Ne4 0-1

[Event "28. Schweinfurt Open"]
[Site "Schweinfurt"]
[Date "2018.06.02"]
[Round "4.6"]
[White "Schmitz, Wolfgang"]
[Black "Hohner, Karl-Heinz"]
[Result "1/2-1/2"]
[WhiteElo "2046"]
[BlackElo "1806"]
[PlyCount "55"]
[EventDate "2018.??.??"]
[WhiteTeam "SC Prichsenstadt"]
[BlackTeam "(vls) Kronach"]

1. e4 d6 2. Nc3 g6 3. d4 Bg7 4. Be3 c6 5. a4 Nf6 6. f3 h5 7. Bc4 d5 8. Bd3 dxe4
9. Bxe4 Nxe4 10. fxe4 Nd7 11. Nf3 Nf6 12. O-O Ng4 13. Bf4 Qb6 14. Qd2 e5 15. a5
Qc7 16. dxe5 Nxe5 17. Kh1 O-O 18. Rfd1 Bg4 19. Nxe5 Bxe5 20. Bxe5 Qxe5 21. Qd6
Qxd6 22. Rxd6 Rad8 23. e5 Rxd6 24. exd6 Rd8 25. h3 Bf5 26. Rd1 Bxc2 27. Rd2 Bf5
28. b4 1/2-1/2

[Event "28. Schweinfurt Open"]
[Site "Schweinfurt"]
[Date "2018.06.02"]
[Round "4.7"]
[White "Heiduk, Christoph"]
[Black "von Zimmermann, Georg"]
[Result "0-1"]
[WhiteElo "1835"]
[BlackElo "2034"]
[PlyCount "74"]
[EventDate "2018.??.??"]
[WhiteTeam "SC Bayerwald Regen/Zwiesel e.V."]
[BlackTeam "MSA Zugzwang 82"]

1. d4 Nf6 2. c4 g6 3. Nc3 Bg7 4. e4 d6 5. f3 O-O 6. Be3 Nbd7 7. Qd2 c5 8. Nge2
h5 9. Rd1 b6 10. Bg5 Nh7 11. Bh6 Bb7 12. h4 cxd4 13. Nxd4 Ne5 14. Be2 Qd7 15.
g4 Nf6 16. Bxg7 Kxg7 17. Qg5 Rh8 18. Nd5 Bxd5 19. cxd5 hxg4 20. fxg4 Nxe4 21.
Qf4 Nf6 22. Qg5 Nfxg4 23. Bb5 Qxb5 24. Nxb5 Nf3+ 25. Ke2 Nxg5 26. hxg5 Rh5 27.
Rxh5 gxh5 28. Kf3 Kg6 29. Kf4 a6 30. Nd4 Ne5 31. Nf5 Ra7 32. Nh4+ Kg7 33. Kf5
Rc7 34. Rd2 Rc4 35. Ng2 Ng6 36. Rf2 e6+ 37. dxe6 Ne7# 0-1

[Event "28. Schweinfurt Open"]
[Site "Schweinfurt"]
[Date "2018.06.02"]
[Round "4.8"]
[White "Brux, Juergen"]
[Black "Gehrig, Thomas"]
[Result "0-1"]
[WhiteElo "1757"]
[BlackElo "2022"]
[PlyCount "76"]
[EventDate "2018.??.??"]
[WhiteTeam "DT Münnerstadt"]
[BlackTeam "SC Maßbach 1951"]

1. d4 Nf6 2. c4 g6 3. Nf3 Bg7 4. g3 O-O 5. Bg2 d6 6. O-O Nbd7 7. Nc3 c6 8. Qc2
Qc7 9. b3 e5 10. e3 Re8 11. Bb2 e4 12. Nd2 d5 13. Rac1 Qa5 14. a3 a6 15. b4 Qd8
16. cxd5 cxd5 17. Qb3 Nb6 18. Qc2 Bd7 19. Nb3 Bc6 20. Na5 Qd7 21. Nxc6 Qxc6 22.
Rfd1 Qd7 23. Qb3 Rec8 24. Nb1 Nc4 25. Nd2 b5 26. Nb1 Ne8 27. Nc3 Qc6 28. Rc2
Ned6 29. Rdc1 Ra7 30. a4 f5 31. Ra1 Rca8 32. axb5 axb5 33. Rcc1 Nxb2 34. Qxb2
Nc4 35. Na2 Nxb2 36. Rxc6 Rxa2 37. Rac1 Nd3 38. Rc8+ Bf8 0-1

[Event "28. Schweinfurt Open"]
[Site "Schweinfurt"]
[Date "2018.06.02"]
[Round "4.9"]
[White "Voelker, Joachim"]
[Black "Neubauer, Jaroslaus"]
[Result "0-1"]
[WhiteElo "1749"]
[BlackElo "2020"]
[PlyCount "44"]
[EventDate "2018.??.??"]
[WhiteTeam "SK Schweinfurt 2000"]
[BlackTeam "SK Schweinfurt 2000"]

1. e4 e5 2. Nf3 Nc6 3. Bc4 Nf6 4. d4 exd4 5. e5 d5 6. Bb5 Ne4 7. Nxd4 Bd7 8.
Nxc6 bxc6 9. Bd3 Nc5 10. O-O Nxd3 11. Qxd3 g6 12. Qg3 h5 13. e6 Bxe6 14. Qc3 f6
15. Qxc6+ Kf7 16. Re1 Bd6 17. Nc3 Qe8 18. Qa6 Qd7 19. Qd3 c6 20. Ne2 Bf5 21.
Qb3 Rab8 22. Qa4 Rb4 0-1

[Event "28. Schweinfurt Open"]
[Site "Schweinfurt"]
[Date "2018.06.02"]
[Round "4.10"]
[White "Bardorz, Jana"]
[Black "Roth, Jakob"]
[Result "0-1"]
[WhiteElo "1622"]
[BlackElo "1898"]
[PlyCount "72"]
[EventDate "2018.??.??"]
[WhiteTeam "TSV 1869 Rottendorf"]
[BlackTeam "Spvgg 1946 Stetten"]

1. e4 e6 2. d4 d5 3. Nd2 Nf6 4. e5 Nfd7 5. Bd3 c5 6. c3 Nc6 7. Ne2 cxd4 8. cxd4
f6 9. exf6 Nxf6 10. Nf3 Bd6 11. O-O O-O 12. Bf4 Bxf4 13. Nxf4 Ne4 14. Ne2 Rxf3
15. gxf3 Ng5 16. Kg2 e5 17. Ng3 Nxd4 18. Be2 Bh3+ 19. Kg1 Bxf1 20. Kxf1 Nh3 21.
f4 Nxf4 22. Bf3 Qh4 23. Kg1 Rf8 24. Bg2 Qf6 25. Qf1 h5 26. Re1 h4 27. Ne2
Ndxe2+ 28. Rxe2 Nxe2+ 29. Qxe2 e4 30. h3 Qd4 31. a3 a6 32. b4 g6 33. Qc2 Kg7
34. Qe2 Rf6 35. Qe1 Rc6 36. a4 Rc2 0-1

[Event "28. Schweinfurt Open"]
[Site "Schweinfurt"]
[Date "2018.06.02"]
[Round "4.11"]
[White "Orf, Niklas"]
[Black "Baumgaertner, Frank"]
[Result "0-1"]
[WhiteElo "1893"]
[BlackElo "1790"]
[PlyCount "76"]
[EventDate "2018.??.??"]
[WhiteTeam "SK 1933 Bad Neustadt"]
[BlackTeam "Kronacher SK 1882"]

1. c4 c5 2. Nc3 Nc6 3. g3 Nf6 4. Bg2 d6 5. d3 g6 6. a3 Bg7 7. Rb1 O-O 8. h3 Be6
9. Nd5 Rc8 10. Bd2 Qd7 11. Bc3 Ne5 12. Qb3 b6 13. Nf3 Nxf3+ 14. Bxf3 Nxd5 15.
Bxg7 Kxg7 16. Bxd5 Bxh3 17. Qc3+ f6 18. d4 Be6 19. Qe3 Bxd5 20. Qh6+ Kf7 21.
Qxh7+ Ke8 22. Qxg6+ Bf7 23. Qg7 Qf5 24. Rd1 Qg6 25. Qxg6 Bxg6 26. d5 Kf7 27. f4
Rh8 28. Kf2 Rxh1 29. Rxh1 Kg7 30. g4 Rh8 31. Rxh8 Kxh8 32. f5 Be8 33. b3 Kg7
34. Kf3 Kh6 35. a4 Kg5 36. Kg3 a6 37. e4 Bd7 38. Kf3 b5 0-1

[Event "28. Schweinfurt Open"]
[Site "Schweinfurt"]
[Date "2018.06.02"]
[Round "4.12"]
[White "Kiesel, Jannik"]
[Black "Kwossek, Martin"]
[Result "1/2-1/2"]
[WhiteElo "997"]
[BlackElo "1875"]
[PlyCount "77"]
[EventDate "2018.??.??"]
[WhiteTeam "DT Münnerstadt"]
[BlackTeam "SC Kitzingen von 1905"]

1. e4 c5 2. Nf3 d6 3. d4 cxd4 4. Nxd4 Nf6 5. Nc3 a6 6. Bc4 e6 7. f3 Be7 8. Be3
Qc7 9. Bb3 Nc6 10. Qd2 O-O 11. O-O-O Na5 12. g4 Nxb3+ 13. Nxb3 b5 14. Bf4 Rd8
15. h4 Bb7 16. h5 e5 17. Be3 d5 18. Nxd5 Nxd5 19. exd5 Rxd5 20. Qe2 Rad8 21.
Nd2 Qa5 22. Kb1 Qc7 23. Qf2 Rc8 24. Nb3 Qd7 25. Qe2 Rd8 26. Nd2 Bb4 27. Rh2 Qc6
28. Rf2 Bc5 29. Bxc5 Qxc5 30. Rff1 Qd6 31. Rf2 a5 32. Kc1 a4 33. Rff1 a3 34. b3
Rd4 35. Rf2 Qb4 36. Qe3 Qd6 37. Qe2 Qf6 38. Rff1 Qd6 39. Rf2 1/2-1/2

[Event "28. Schweinfurt Open"]
[Site "Schweinfurt"]
[Date "2018.06.02"]
[Round "4.13"]
[White "Drewes, Thomas"]
[Black "Weineck, Ekkehard"]
[Result "1/2-1/2"]
[WhiteElo "1770"]
[BlackElo "1594"]
[PlyCount "94"]
[EventDate "2018.??.??"]
[WhiteTeam "SV Würzburg von 1865"]
[BlackTeam "SV Würzburg von 1865"]

1. d4 d5 2. Bf4 Nf6 3. e3 e6 4. Nf3 c5 5. c3 Nc6 6. Bd3 Bd6 7. Bg3 O-O 8. Nbd2
cxd4 9. exd4 Re8 10. Ne5 Qc7 11. f4 Ne7 12. Qf3 Nf5 13. Bf2 h5 14. h3 h4 15.
O-O Nd7 16. Bxf5 exf5 17. Bxh4 Nf8 18. Qxd5 Be6 19. Qf3 f6 20. Nd3 Bd7 21. Rae1
Bc6 22. Qf2 Bb5 23. Qf3 Rxe1 24. Rxe1 Bxd3 25. Qxd3 Bxf4 26. Nf3 Qd7 27. Qe2
Ng6 28. Bf2 Bd6 29. Qe6+ Qxe6 30. Rxe6 Rd8 31. g3 Kf7 32. Re1 Ne7 33. c4 b6 34.
Kg2 g5 35. Nd2 Nc6 36. Nb3 Nb4 37. a3 Nd3 38. Re2 f4 39. Rd2 Nxf2 40. Rxf2 fxg3
41. Re2 Re8 42. Nc1 Rxe2+ 43. Nxe2 f5 44. Nxg3 Kg6 45. Ne2 Kf6 46. Nc3 Ke6 47.
Kf3 a6 1/2-1/2

[Event "28. Schweinfurt Open"]
[Site "Schweinfurt"]
[Date "2018.06.02"]
[Round "4.14"]
[White "Reichert, Claudia"]
[Black "Blank, Stefan"]
[Result "1/2-1/2"]
[WhiteElo "1190"]
[BlackElo "1766"]
[PlyCount "184"]
[EventDate "2018.??.??"]
[WhiteTeam "DT Münnerstadt"]
[BlackTeam "SC Sulzbach"]

1. e4 c5 2. Nc3 g6 3. d4 Bg7 4. Nf3 cxd4 5. Nxd4 Nc6 6. Nde2 Nf6 7. Rb1 O-O 8.
g3 Ne5 9. Bg2 d6 10. h3 Bd7 11. b3 Qa5 12. Bb2 Rac8 13. O-O b5 14. a3 Qb6 15.
Nf4 Bc6 16. Qe2 e6 17. Rfd1 Rfd8 18. Na2 Ne8 19. Nb4 Ba8 20. Nbd3 Nc6 21. Bxg7
Kxg7 22. e5 Nd4 23. Qe3 Bxg2 24. Nxg2 Nxc2 25. Qxb6 axb6 26. a4 dxe5 27. Nxe5
Rxd1+ 28. Rxd1 bxa4 29. bxa4 Nb4 30. Rd7 Rc7 31. Rd4 Nd5 32. Rc4 f6 33. Rxc7+
Nexc7 34. Nc4 Kf7 35. Kf1 Ke7 36. Ne1 e5 37. Nd3 Kd7 38. Ke1 e4 39. Ndb2 Na6
40. Ke2 Nc5 41. Kd2 Kc6 42. Kc2 Na6 43. Nd2 f5 44. Nb3 Ndb4+ 45. Kc3 Kd5 46.
Nd1 Kd6 47. Kc4 Nd5 48. Ne3 Ndc7 49. Nc2 Ke5 50. Ncd4 Nb8 51. a5 bxa5 52. Nxa5
Ne6 53. Nxe6 Kxe6 54. Kd4 Nd7 55. Nc4 g5 56. g4 fxg4 57. hxg4 Nf6 58. Nd2 Nxg4
59. Nxe4 Kf5 60. Nd6+ Kf4 61. Ne4 h6 62. Ng3 Nxf2 63. Nh5+ Kg4 64. Nf6+ Kg3 65.
Nh5+ Kh4 66. Ng7 h5 67. Ke3 Ng4+ 68. Kf3 Ne5+ 69. Kg2 g4 70. Nf5+ Kg5 71. Ng3
h4 72. Ne4+ Kf4 73. Nf2 Nf3 74. Nd3+ Ke3 75. Nf2 Ne1+ 76. Kf1 g3 77. Nh3 Nf3
78. Kg2 Ne1+ 79. Kf1 Nd3 80. Ng1 Nf4 81. Ke1 h3 82. Nxh3 Nxh3 83. Kd1 g2 84.
Kc2 g1=Q 85. Kc3 Qc1+ 86. Kb4 Kd4 87. Kb5 Qc5+ 88. Ka6 Qc6+ 89. Ka7 Qc5+ 90.
Kb7 Kd5 91. Ka6 Qc6+ 92. Ka5 Kc5 1/2-1/2

[Event "28. Schweinfurt Open"]
[Site "Schweinfurt"]
[Date "2018.06.02"]
[Round "4.15"]
[White "Nicola, Marius"]
[Black "Bardorz, Christoph"]
[Result "0-1"]
[WhiteElo "1517"]
[BlackElo "1749"]
[PlyCount "60"]
[EventDate "2018.??.??"]
[WhiteTeam "SK Schweinfurt 2000"]
[BlackTeam "TSV 1869 Rottendorf"]

1. e4 e5 2. Nf3 Nc6 3. Bc4 Nf6 4. Ng5 d5 5. exd5 Na5 6. Bb5+ c6 7. dxc6 bxc6 8.
Qf3 h6 9. Ne4 Nd5 10. Ba4 Be7 11. c3 Bd7 12. O-O O-O 13. Qg3 f5 14. d4 fxe4 15.
Bxh6 Rf7 16. Be3 Nf4 17. Bxf4 exf4 18. Qg6 Bf5 19. Qh5 g5 20. b4 Rh7 21. Qd1
Kg7 22. bxa5 Rxh2 23. Kxh2 Qh8+ 24. Kg1 Qh4 25. Re1 Bg4 26. f3 Bxf3 27. gxf3
Qg3+ 28. Kf1 Rh8 29. Qc2 Rh1+ 30. Ke2 Qxe1# 0-1

[Event "28. Schweinfurt Open"]
[Site "Schweinfurt"]
[Date "2018.06.02"]
[Round "4.16"]
[White "Dehmel, Manfred"]
[Black "Wiener, Horst"]
[Result "0-1"]
[WhiteElo "1222"]
[BlackElo "1941"]
[PlyCount "68"]
[EventDate "2018.??.??"]
[WhiteTeam "SC KS Alzenau"]
[BlackTeam "SK Schweinfurt 2000"]

1. e4 d6 2. Bc4 Nf6 3. Nc3 g6 4. a3 Bg7 5. h3 O-O 6. Nf3 Nxe4 7. Bd5 Nxc3 8.
dxc3 c6 9. Be4 d5 10. Bd3 e5 11. Bg5 f6 12. Nxe5 Re8 13. O-O fxg5 14. Ng4 Nd7
15. Re1 h5 16. Nh2 Ne5 17. f3 Bf5 18. Nf1 Re7 19. Qd2 Rf7 20. Re2 Bxd3 21. cxd3
Rxf3 22. d4 Nc4 23. Qc2 Rf6 24. b3 Nd6 25. Rae1 Qf8 26. Re6 Ne4 27. Rxf6 Qxf6
28. b4 Rf8 29. a4 Qf4 30. Qe2 Nxc3 31. Qe6+ Kh7 32. Nh2 Bxd4+ 33. Kh1 Ne4 34.
Rf1 Ng3# 0-1

[Event "28. Schweinfurt Open"]
[Site "Schweinfurt"]
[Date "2018.06.02"]
[Round "4.17"]
[White "Loew, Leonid"]
[Black "Scheifele, Paul"]
[Result "0-1"]
[WhiteElo "1382"]
[BlackElo "1736"]
[PlyCount "56"]
[EventDate "2018.??.??"]
[WhiteTeam "Allersberger SC 2000"]
[BlackTeam "AB-Schweinheim"]

1. e4 e5 2. Nf3 Nc6 3. Bc4 Bc5 4. c3 Nf6 5. d3 h6 6. b4 Bb6 7. a4 a5 8. b5 Ne7
9. Nxe5 O-O 10. Qf3 d6 11. Nxf7 Rxf7 12. Bxf7+ Kxf7 13. d4 Be6 14. e5 dxe5 15.
O-O exd4 16. Rd1 Bg4 17. Qd3 Bxd1 18. Qxd1 dxc3 19. Qxd8 Rxd8 20. Nxc3 Ned5 21.
Ne2 Ne4 22. Bb2 Bxf2+ 23. Kh1 Bb6 24. Rf1+ Kg6 25. h3 Ndf6 26. Nf4+ Kh7 27. Kh2
Rd2 28. Bc1 Ra2 0-1

[Event "28. Schweinfurt Open"]
[Site "Schweinfurt"]
[Date "2018.06.02"]
[Round "4.18"]
[White "Seelmann, Noah"]
[Black "Brodt, Andreas"]
[Result "0-1"]
[WhiteElo "1133"]
[BlackElo "1728"]
[PlyCount "126"]
[EventDate "2018.??.??"]
[WhiteTeam "SF Zeiler Turm"]
[BlackTeam "SK Schweinfurt 2000"]

1. e4 c5 2. d4 cxd4 3. c3 Nc6 4. cxd4 Nf6 5. Nc3 d6 6. Nf3 Bg4 7. Be2 Bxf3 8.
Bxf3 e5 9. d5 Nd4 10. Be3 Nxf3+ 11. Qxf3 Qa5 12. O-O Be7 13. Rac1 O-O 14. Qg3
g6 15. Bg5 Nh5 16. Qg4 Bxg5 17. Qxg5 Qd8 18. Qe3 f5 19. f3 Nf4 20. g3 Qg5 21.
Kh1 Nh3 22. Qxg5 Nxg5 23. Kg2 a6 24. a3 Rac8 25. Rce1 fxe4 26. fxe4 Rxf1 27.
Rxf1 Rc4 28. Re1 b5 29. h4 Nf7 30. Kf3 b4 31. axb4 Rxb4 32. Nd1 Kf8 33. Re3 Ke7
34. Ra3 Rb6 35. Rc3 Kd7 36. Rc4 Rb3+ 37. Rc3 Rxc3+ 38. Nxc3 Kc7 39. b4 Kb6 40.
g4 h6 41. Ke3 Nd8 42. Kf3 Nb7 43. Ke3 a5 44. bxa5+ Nxa5 45. Kd3 Nb3 46. Kc4
Nd2+ 47. Kb4 Nf3 48. h5 g5 49. Na4+ Kc7 50. Nc5 dxc5+ 51. Kxc5 Kd7 52. d6 Ke6
53. Kc6 Nd4+ 54. Kc7 Nb5+ 55. Kc8 Nxd6+ 56. Kd8 Nxe4 57. Ke8 Nf6+ 58. Kf8 Nxg4
59. Kg7 e4 60. Kg6 e3 61. Kh7 e2 62. Kg7 e1=Q 63. Kh7 Kf6 0-1

[Event "28. Schweinfurt Open"]
[Site "Schweinfurt"]
[Date "2018.06.02"]
[Round "4.19"]
[White "Braetz, Yannick"]
[Black "Gerhard, Georg"]
[Result "1-0"]
[WhiteElo "1685"]
[BlackElo "1203"]
[PlyCount "65"]
[EventDate "2018.??.??"]
[WhiteTeam "SK Schweinfurt 2000"]
[BlackTeam "TSV 1895 Karlburg"]

1. e4 c5 2. Nf3 Nc6 3. d4 cxd4 4. Nxd4 e5 5. Nb5 d6 6. N1c3 Nf6 7. Bg5 Be7 8.
Bxf6 Bxf6 9. Nxd6+ Ke7 10. Nxc8+ Rxc8 11. Qxd8+ Rhxd8 12. Nd5+ Kf8 13. Nxf6
gxf6 14. c3 a6 15. Be2 Rd6 16. Rd1 Rxd1+ 17. Kxd1 Rd8+ 18. Kc2 Ke7 19. Rd1 Rc8
20. Bg4 Rc7 21. Kb1 b5 22. a3 Nd8 23. Bf5 h6 24. Rd3 Ne6 25. Bxe6 fxe6 26. Rh3
f5 27. exf5 exf5 28. Rxh6 a5 29. Rh7+ Kd6 30. Rxc7 Kxc7 31. Kc2 Kd6 32. Kd3 Ke6
33. b4 1-0

[Event "28. Schweinfurt Open"]
[Site "Schweinfurt"]
[Date "2018.06.02"]
[Round "4.20"]
[White "Koehler, Michael"]
[Black "Chen, Jiwei"]
[Result "1-0"]
[WhiteElo "1603"]
[BlackElo "1018"]
[PlyCount "87"]
[EventDate "2018.??.??"]
[WhiteTeam "SC Prichsenstadt"]
[BlackTeam "SK Schweinfurt 2000"]

1. d4 d5 2. c4 c6 3. Nf3 Nd7 4. g3 e6 5. Bg2 b6 6. O-O Bd6 7. Nbd2 e5 8. dxe5
Nxe5 9. cxd5 cxd5 10. Nb3 Bb7 11. Nbd4 Nxf3+ 12. Bxf3 Be5 13. Be3 Qd7 14. a4
Nf6 15. a5 O-O 16. axb6 axb6 17. Qb3 Rxa1 18. Rxa1 Qh3 19. Bg2 Qh5 20. Nf3 Ng4
21. Bxb6 d4 22. h3 Nf6 23. Nxe5 Bxg2 24. Kxg2 Qxe5 25. Qd3 Qd5+ 26. Kg1 Qe6 27.
Bxd4 Rd8 28. e3 Qxh3 29. Qf1 Qf5 30. Qg2 h6 31. Bxf6 Qxf6 32. Rb1 Rd2 33. b4
Rb2 34. Rxb2 Qxb2 35. Qa8+ Kh7 36. Qe4+ Kg8 37. Qa8+ Kh7 38. Qe4+ g6 39. Kg2 h5
40. Qc4 f6 41. b5 Kh6 42. Qc6 h4 43. gxh4 Kh5 44. b6 1-0

[Event "28. Schweinfurt Open"]
[Site "Schweinfurt"]
[Date "2018.06.02"]
[Round "4.21"]
[White "Roth, Ludwig"]
[Black "Scheifele, Jan"]
[Result "1-0"]
[WhiteElo "1578"]
[BlackElo "1004"]
[PlyCount "63"]
[EventDate "2018.??.??"]
[WhiteTeam "Spvgg 1946 Stetten"]
[BlackTeam "AB-Schweinheim"]

1. Nf3 d5 2. g3 Nf6 3. Bg2 b6 4. O-O Bb7 5. d3 e6 6. Nbd2 Be7 7. Re1 O-O 8. c3
Bc5 9. b4 Bd6 10. e4 dxe4 11. dxe4 Be7 12. Qe2 Qd7 13. Bb2 Ba6 14. Qe3 Ng4 15.
Qf4 e5 16. Qf5 Qxf5 17. exf5 f6 18. Nxe5 Nxe5 19. Bxa8 c6 20. f4 Nbd7 21. fxe5
Nxe5 22. Bxc6 Nxc6 23. a4 Bb7 24. Nc4 Kf7 25. Rad1 Bc8 26. b5 Nd8 27. Rxe7+ Kg8
28. Nd6 Bxf5 29. Nxf5 g6 30. Rdd7 Ne6 31. Nh6+ Kh8 32. Rxh7# 1-0

[Event "28. Schweinfurt Open"]
[Site "Schweinfurt"]
[Date "2018.06.02"]
[Round "4.22"]
[White "Seelmann, David"]
[Black "Reichert, Josef"]
[Result "0-1"]
[WhiteElo "958"]
[BlackElo "1508"]
[PlyCount "138"]
[EventDate "2018.??.??"]
[WhiteTeam "SF Zeiler Turm"]
[BlackTeam "SC Maßbach 1951"]

1. e4 c5 2. d4 cxd4 3. Qxd4 Nc6 4. Qd1 Nf6 5. Nc3 e6 6. Nf3 d6 7. Bb5 Bd7 8.
O-O Be7 9. Re1 Qc7 10. Bf4 O-O 11. e5 dxe5 12. Bxe5 Nxe5 13. Nxe5 Bxb5 14. Nxb5
Qc5 15. Nd4 Rfd8 16. c3 Rac8 17. h3 Qb6 18. Ng4 Nxg4 19. Qxg4 Bc5 20. Rad1 Qxb2
21. Re4 Qxc3 22. Re3 Qa5 23. Re5 Qb6 24. Nb3 Bxf2+ 25. Kh1 Rxd1+ 26. Qxd1 Qc7
27. Re2 Bg3 28. Re3 h5 29. Nc5 h4 30. Nb3 Qc2 31. Qa1 Rd8 32. Rf3 Qxa2 33. Kg1
Qxa1+ 34. Nxa1 a6 35. Nb3 b6 36. Kf1 Rc8 37. Nd4 b5 38. Ra3 Rd8 39. Nc6 Ra8 40.
Ne7+ Kf8 41. Nc6 Ke8 42. Ra5 Bc7 43. Ra3 a5 44. Nd4 b4 45. Ra4 Bb6 46. Nb5 Kd7
47. Ke1 Kc6 48. Nc3 bxc3 49. Rc4+ Kb5 50. Rxc3 a4 51. Rc1 Bc5 52. Rb1+ Bb4+ 53.
Kd1 Rd8+ 54. Kc2 Rd2+ 55. Kc1 Rxg2 56. Rb2 Rxb2 57. Kxb2 Kc4 58. Kb1 Kb3 59.
Ka1 Bc3+ 60. Kb1 a3 61. Kc1 a2 62. Kd1 a1=Q+ 63. Ke2 Kc4 64. Kf2 f5 65. Kf3 e5
66. Ke3 Bd4+ 67. Ke2 Qb2+ 68. Kd1 Kd3 69. Ke1 Qc1# 0-1

[Event "28. Schweinfurt Open"]
[Site "Schweinfurt"]
[Date "2018.06.02"]
[Round "4.23"]
[White "Gerhard, Philipp"]
[Black "Bardorz, Stefan"]
[Result "0-1"]
[WhiteElo "892"]
[BlackElo "1714"]
[PlyCount "50"]
[EventDate "2018.??.??"]
[WhiteTeam "TSV 1895 Karlburg"]
[BlackTeam "TSV 1869 Rottendorf"]

1. e4 e5 2. Nf3 Nc6 3. d4 exd4 4. Nxd4 Bc5 5. Be3 Qf6 6. Nxc6 Bxe3 7. fxe3 Qxc6
8. Qd5 Ne7 9. Qxc6 Nxc6 10. Bb5 O-O 11. Bxc6 dxc6 12. Nc3 Re8 13. O-O b5 14.
Rad1 Ba6 15. Rd7 f6 16. e5 Rxe5 17. Rxc7 b4 18. Na4 Bxf1 19. Kxf1 Ra5 20. Rxc6
Rxa4 21. c3 bxc3 22. bxc3 Rxa2 23. c4 Rb8 24. Rb6 Rxb6 25. Ke1 Rb1# 0-1

[Event "28. Schweinfurt Open"]
[Site "Schweinfurt"]
[Date "2018.06.02"]
[Round "5.1"]
[White "Seuffert, Gabriel"]
[Black "Bussard, Christian"]
[Result "0-1"]
[WhiteElo "2313"]
[BlackElo "2255"]
[PlyCount "76"]
[EventDate "2018.??.??"]
[WhiteTeam "SK Schweinfurt 2000"]
[BlackTeam "SG Niederkassel"]

1. c4 e5 2. g3 Nf6 3. Bg2 Nc6 4. Nc3 Bb4 5. Nd5 Bc5 6. e3 Nxd5 7. cxd5 Ne7 8.
Qc2 d6 9. a3 Bf5 10. d3 Bb6 11. Ne2 Qd7 12. h3 Qb5 13. e4 Bg6 14. O-O Qd7 15.
Kh2 O-O 16. f4 f6 17. d4 c6 18. Qa4 Rfd8 19. dxe5 dxe5 20. fxe5 fxe5 21. Bg5
cxd5 22. Qb3 Rf8 23. exd5 Kh8 24. Rxf8+ Rxf8 25. Qb4 Rf2 26. Qxe7 Qxe7 27. Bxe7
Be4 28. Rg1 Rxe2 29. Kh1 Bxg1 30. Bxe4 Rxe4 31. Kxg1 Rd4 32. Bc5 Rxd5 33. Bxa7
Rd1+ 34. Kf2 Rd2+ 35. Kf3 Rxb2 36. Bc5 Rb3+ 37. Kg4 Kg8 38. Bd6 Kf7 0-1

[Event "28. Schweinfurt Open"]
[Site "Schweinfurt"]
[Date "2018.06.02"]
[Round "5.2"]
[White "Schmid, Michael"]
[Black "Seidens, Udo"]
[Result "1/2-1/2"]
[WhiteElo "2191"]
[BlackElo "2169"]
[PlyCount "138"]
[EventDate "2018.??.??"]
[WhiteTeam "SC Bad Königshofen 1957"]
[BlackTeam "SK Schweinfurt 2000"]

1. d4 Nf6 2. Nf3 g6 3. Bf4 Bg7 4. e3 c5 5. c3 Qb6 6. Qb3 d6 7. Nbd2 O-O 8. Be2
Be6 9. dxc5 Qxc5 10. Qxb7 Nbd7 11. Nb3 Bxb3 12. Qxb3 Rab8 13. Qc2 Nd5 14. O-O
Nxf4 15. exf4 e6 16. Rab1 d5 17. Rfd1 Nb6 18. Ne5 Rfc8 19. Qd2 Qc7 20. Re1 Qc5
21. Ba6 Rc7 22. a3 Qa5 23. Bf1 Qc5 24. Nd3 Qd6 25. Ne5 Qc5 26. Rec1 Qd6 27. Qd4
Nd7 28. Re1 Nc5 29. b4 Nb7 30. Rbc1 Qb6 31. Qxb6 axb6 32. c4 Rbc8 33. g3 dxc4
34. a4 Bf8 35. Rxc4 Rxc4 36. Nxc4 Bxb4 37. Rb1 Bc5 38. Nxb6 Rc7 39. Nc4 Nd6 40.
Ne3 Nf5 41. Nxf5 gxf5 42. Rb2 Bd4 43. Ra2 Rb7 44. a5 Rb2 45. Rxb2 Bxb2 46. Bd3
h6 47. Kf1 Kf8 48. Ke2 Bc3 49. a6 Bd4 50. f3 Ke7 51. g4 Kf6 52. Bc4 Ke7 53. Kd3
Bf2 54. g5 h5 55. Bb5 h4 56. Kc4 Be3 57. h3 Kd6 58. Be8 Ke7 59. Ba4 Ba7 60. Kb5
Kd6 61. Kc4 Ke7 62. Bc6 Be3 63. Kb5 Bf2 64. Kc4 Be3 65. Ba4 Bf2 66. Kb5 Kd6 67.
Bb3 Bd4 68. Kc4 Be3 69. Ba4 Ke7 1/2-1/2